Mestám pomáhajú certifikáty kvality
Zlepšovanie činnosti mestských úradov a služby občanom. Komunikácia s občanmi a využívanie informačných technológií. Fungovanie samosprávy ako digitálneho mesta. Interné portály, elektronizácia a digitalizácia mestských úradov. Projekty EÚ a čerpanie eurofondov.
Gespeichert in:
| 1. Verfasser: | |
|---|---|
| Format: | Buchkapitel |
| Sprache: | Slowakisch |
| Schlagworte: | |
| Tags: |
Keine Tags, Fügen Sie das erste Tag hinzu!
|
MARC
| LEADER | 00000naa$a2200000$$$4500 | ||
|---|---|---|---|
| 001 | 0116060 | ||
| 005 | 20231005102521.5 | ||
| 041 | 0 | |a slo | |
| 044 | |a SK | ||
| 245 | 1 | 0 | |a Mestám pomáhajú certifikáty kvality |c Marián Hudec |
| 520 | |a Zlepšovanie činnosti mestských úradov a služby občanom. Komunikácia s občanmi a využívanie informačných technológií. Fungovanie samosprávy ako digitálneho mesta. Interné portály, elektronizácia a digitalizácia mestských úradov. Projekty EÚ a čerpanie eurofondov. | ||
| 610 | 2 | 0 | |a samospráva |
| 610 | 2 | 0 | |a samospráva miestna |
| 610 | 2 | 0 | |a správa verejná elektronická |
| 610 | 2 | 0 | |a komunikácia elektronická |
| 610 | 2 | 0 | |a technológie informačné |
| 610 | 2 | 0 | |a technológie komunikačné |
| 610 | 2 | 0 | |a digitalizácia |
| 610 | 2 | 0 | |a elektronizácia |
| 610 | 2 | 0 | |a úrady |
| 610 | 2 | 0 | |a občania |
| 100 | 1 | |a Hudec, Marián | |